DNA synthesis

Uloženo v:
Podrobná bibliografie
Hlavní autor: Kornberg, Arthur
Médium: Kniha
Jazyk:Undetermined
Vydáno: San Francisco W. H. Freeman and Company 1974
Témata:
Tagy: Přidat tag
Žádné tagy, Buďte první, kdo otaguje tento záznam!
Thư viện lưu trữ: Trung tâm Học liệu Trường Đại học Cần Thơ
LEADER 00462nam a2200169Ia 4500
001 CTU_78611
008 210402s9999 xx 000 0 und d
082 |a 572.86 
082 |b K84 
100 |a Kornberg, Arthur 
245 0 |a DNA synthesis 
245 0 |c Arthur Kornberg 
260 |a San Francisco 
260 |b W. H. Freeman and Company 
260 |c 1974 
650 |a DNA biosynthesis,DNA synthesis 
980 |a Trung tâm Học liệu Trường Đại học Cần Thơ